|
|
|
|
| LEADER |
00000nam a22000007a 4500 |
| 005 |
20120221135147.0 |
| 007 |
cr|||| |||| |
| 008 |
120221s2011 co |||||s|||| 00||0 spa d |
| 020 |
|
|
|a 978-958-648-754-2
|
| 035 |
|
|
|a 6234
|
| 040 |
|
|
|a vLex
|
| 090 |
|
|
|c 3011
|d 3011
|
| 100 |
1 |
|
|a Mesa Holgun̕, Mario
|
| 245 |
1 |
0 |
|a Fundamentos de marketing
|h [Recurso electrn̤ico] /
|c Mario Mesa Holgun̕
|
| 256 |
|
|
|a Servicio en ln̕ea
|
| 260 |
|
|
|a Bogot ̀:
|b Ecoe ediciones,
|c 2011
|
| 300 |
|
|
|a 1 recurso electrn̤ico
|
| 490 |
0 |
|
|a Ciencias administrativas. Mercadeo y Finanzas
|
| 500 |
|
|
|a Lleva al lector a la esencia de la filosofa̕ del marketing del siglo XXI: comprender al consumidor, cautivar al comprador y conservar al cliente, en entornos altamente competitivos y globales; igualmente, le permitir ̀poner en prc̀tica toda la fundamentacin̤ descrita y estimula a tomar decisiones empresariales orientadas hacia la satisfaccin̤ del consumidor o usuario del producto.
|
| 504 |
|
|
|a Incluye bibliografa̕
|
| 506 |
1 |
|
|a Contenido solo disponible en los productos indicados
|d vLex Global
|d vLex Global (Academic Edition, excluding Law Schools)
|d vLex Global (U.S. Academic Edition, Law Schools)
|d vLex Global (U.S. Academic Edition, excluding Law Schools)
|d vLex Global (Academic Edition, Law Schools)
|
| 650 |
0 |
4 |
|a Mr̉queting
|z Colombia
|
| 650 |
0 |
4 |
|a Derecho financiero
|z Colombia
|
| 740 |
0 |
|
|a vLex Libros (Servicio en ln̕ea)
|
| 856 |
4 |
0 |
|u http://vlex.com/source/fundamentos-marketing-6234
|z Acceso restringido
|
| 942 |
|
|
|c BOOK
|
| 999 |
0 |
|
|a Marketing
|
| 999 |
0 |
|
|a Finance--Law and legislation
|